000 01164nam a2200229Ia 4500
001 L262-31785
003 IT-CnALBA
008 170116s9999||||xx |||||||||||||| ||und||
040 _aIT-CnALBA
_cIT-CnALBA
041 _aITALIANO
100 _aLIVERANI PIER GIORGIO
245 0 _aIN PRINCIPIO ERANO I LAICI. ALLA RICERCA DELLA LAICITÀ PERDUTA.
250 _a1a ed.
260 _aROMA
_bAVE, ANONIMA VERITA'S EDITRICE
_c1996 [1° Ed.:1996 - Ed.Ling.Originale: 1996]
300 _a132 p.
500 _aL'UOMO SULLA TERRA. CHIESA LAICISMO E LAICITÀ. UN ANTESIGNANO. AZIONE CATTOLICA. RIVOLUZIONE DEL CONCILIO. CLERICALISMO. IL LAICO POPOLO DI DIO. LAICI E SANTI. LUOGHI E TEMPI DELLA LAICITÀ. SANTITÀ LAICA DEL MATRIMONIO.
501 _aSocietà San Paolo EM - Piazza San Paolo, 14 - 12051 ALBA (CN) (non commercial uses only) ® Copyright 2017
520 _aL'UOMO SULLA TERRA. CHIESA LAICISMO E LAICITÀ. UN ANTESIGNANO. AZIONE CATTOLICA. RIVOLUZIONE DEL CONCILIO. CLERICALISMO. IL LAICO POPOLO DI DIO. LAICI E SANTI. LUOGHI E TEMPI DELLA LAICITÀ. SANTITÀ LAICA DEL MATRIMONIO.
650 _aECCLESIOLOGIA
942 _cBK
957 _71
999 _a36553
_bNO
_g Copie: 1
_c290617
_d290617